[Event "MAGISTRAL ALBERTO LOMBARDI 0 CMUN 2025"]
[Site "Rio de Janeiro"]
[Date "2025.10.16"]
[Round "6.3"]
[White "Lopes, Eduardo Moraes"]
[Black "Bezerra, Natacio Goncalves"]
[Result "0-1"]
[WhiteElo "1913"]
[BlackElo "1926"]
[Annotator "Chessbase - SF 17.1"]
[PlyCount "52"]
[EventDate "2025.??.??"]

{[%evp 0,52,29,36,51,35,76,28,34,63,63,27,27,28,23,35,35,-17,27,18,8,14,21,38,27,19,118,25,25,12,17,17,15,6,23,-62,-111,-101,-170,-179,-179,-367,-162,-136,-92,-72,-85,-91,-79,-113,-69,-24,-155,-652,-633]} 1. e4 c5 2. Nf3 e6 3. d4 cxd4 4. Nxd4 Nf6 5. Nc3 Nc6 6. Nxc6 bxc6 7. e5 Nd5 8. Ne4 Qc7 9. f4 Qb6 10. c4 Bb4+ 11. Ke2 Ba6 $6 {Inaccuracy. f5 was best.} (11... f5 12. exf6) 12. Kf3 f5 13. Nf2 $6 {Inaccuracy. exf6 was best.} (13. exf6 Nxf6 14. c5 Qa5 15. Nd6+ Ke7 16. Bxa6 Qxa6 17. Be3 Raf8 18. Qd4 Ba5) 13... Ne7 14. Be3 Bc5 15. Bxc5 Qxc5 16. Qa4 Bb7 (16... Qb6 17. Qa3 c5 18. h4 Nc6 19. Rd1 Nd4+ 20. Kg3 Bb7 21. b4 Qc6 22. Qd3 d6 23. exd6 O-O 24. bxc5 e5 25. fxe5 Ne6 26. Qf3 Qxc5 27. Rd5 Bxd5 28. Qxd5 f4+ 29. Kh2 Qxf2 30. Qxe6+ Kh8 31. Qg4 {Sevian,S (2687)-Praggnanandhaa,R (2690) chess.com INT 2023 0-1 (50)}) 17. Qc2 $4 $146 {Blunder. h4 was best.} (17. Nd3 Qd4 18. Qb4 Rb8 19. Qc5 Qxc5 20. Nxc5 Bc8 21. b3 h6 22. h4 g6 23. g3 Rg8 24. Be2 Kd8 25. Rad1 Kc7 26. Rd6 Rg7 27. Rhd1 Ng8 28. Ke3 g5 29. Bf3 Rb6 30. Bh5 Re7 31. hxg5 hxg5 {Dubov,D (2707)-Shandrygin,N (2209) chess.com INT 2024 1-0 (37)}) (17. h4 Qb6 (17... Qd4 18. Qb3 Ng6 19. g3 Rb8 20. Rd1 c5+ 21. Ke2 Nxf4+ 22. gxf4 Qxf4 23. Rh3 Qxe5+ 24. Qe3 Qxb2+ 25. Rd2 Qb4 26. Qe5 Ba6 27. Qxg7 Bxc4+ 28. Ke1 Qb1+ 29. Rd1 Qb4+ 30. Rc3 d5 31. Qxh8+ Kf7 {Siddharth,J (2516)-Chen,Y (2294) Liaocheng CHN 2024 1-0 (37)}) 18. Qa3 c5+ 19. Kg3 h6 (19... Nc6 20. Nd3 Rc8 21. Qxc5 Qd8 22. Qd6 Ne7 23. b3 O-O 24. Be2 Bc6 25. Bf3 Qe8 26. Rad1 Be4 27. Nf2 Qg6+ 28. Kh2 Bxf3 29. gxf3 Rce8 30. Qxd7 Qh6 31. Kg2 Kh8 {Tilahun,A (1944)-Daspres,L (2207) chess.com INT 2025 1-0 (56)}) 20. Rd1 Rc8 21. Be2 Rg8 22. Rd6 Rc6 23. Rhd1 g5 24. Bh5+ Kf8 25. Rxd7 gxf4+ 26. Kxf4 Rxg2 27. Rd8+ Kg7 28. R1d7 Rc7 29. Nh3 Qc6 30. Bf3 Rg4+ 31. Bxg4 Rxd7 {Kurchenko,E (2306)-Shandrygin,N (2209) chess.com INT 2024 0-1 (55)}) 17... g5 18. g3 $6 {Inaccuracy. Qc3 was best.} (18. Qc3 gxf4 19. Re1 Ng6 20. Nd3 Qe7 21. h4 c5+ 22. Kf2 Rg8 23. Rh3 Bc6) 18... gxf4 19. gxf4 Qd4 20. c5 Nd5 $6 {Inaccuracy. Ng6 was best.} (20... Ng6 21. Qc3 Qxf4+ 22. Ke2 Ba6+ 23. Ke1 Bxf1 24. Kxf1 Qxe5 25. Nd3 Qxc3 26. bxc3) 21. Qc1 Rg8 22. Be2 $6 {Inaccuracy. Bc4 was best.} (22. Bc4 Qxc5) 22... Ke7 $4 {Blunder. Rg4 was best.} (22... Rg4 23. Nxg4 fxg4+ 24. Kg3 h5 25. h4 Ne3 26. Bf1 Nf5+ 27. Kg2 O-O-O 28. Qc3) 23. Rd1 Qb4 24. a3 Qa5 25. b4 Qd8 26. Qd2 $4 {Blunder. Bc4 was best.} (26. Bc4) 26... Qe8 {0-1 Black wins. PRECISÃO: BRANCAS 81% PRETAS 91%} 0-1